Solutions for pavement rehabilitation problems : (Record no. 547661)
[ view plain ]
| 000 -LEADER | |
|---|---|
| fixed length control field | 01124cam a2200193 a 4500 |
| 020 ## - INTERNATIONAL STANDARD BOOK NUMBER | |
| International Standard Book Number | 0872625788 (pbk.) |
| 082 00 - DEWEY DECIMAL CLASSIFICATION NUMBER | |
| Classification number | 625.8 |
| Author Mark | SOL |
| -- | L-39 P-186 |
| 245 00 - TITLE STATEMENT | |
| Title | Solutions for pavement rehabilitation problems : |
| Remainder of title | proceedings of a conference / |
| Statement of responsibility, etc. | sponsored by the Committee on Pavement Design, Recycling, and Rehabilitation, and the Committee on Construction, Maintenance, and Operations of the Highway Division of the American Society of Civil Engineers in cooperation with the American Road and Transportation Builders Association ... [et al.], Lanier Plaza Hotel, Atlanta, Georgia, May 19-21, 1986 ; edited by Sanford P. LaHue, Sr. |
| 260 ## - PUBLICATION, DISTRIBUTION, ETC. | |
| Place of publication, distribution, etc. | New York, N.Y. : |
| Name of publisher, distributor, etc. | American Society of Civil Engineers, |
| Date of publication, distribution, etc. | c1986. |
| 300 ## - PHYSICAL DESCRIPTION | |
| Extent | 297 p. : |
| Other physical details | ill. ; |
| Dimensions | 22 cm. |
| 526 ## - STUDY PROGRAM INFORMATION NOTE | |
| Program name | 0 |
| Interest level | 0 |
| Reading level | 0 |
| Title point value | 625_800000000000000_SOL |
| 650 #0 - SUBJECT ADDED ENTRY--TOPICAL TERM | |
| Topical term or geographic name entry element | MCE |
| 9 (RLIN) | 379 |
| 650 #0 - SUBJECT ADDED ENTRY--TOPICAL TERM | |
| Topical term or geographic name entry element | Pavements |
| General subdivision | Design and construction |
| -- | Congresses. |
| 9 (RLIN) | 38326 |
| 650 #0 - SUBJECT ADDED ENTRY--TOPICAL TERM | |
| Topical term or geographic name entry element | Pavements |
| General subdivision | Maintenance and repair |
| -- | Congresses. |
| 700 1# - ADDED ENTRY--PERSONAL NAME | |
| Personal name | LaHue, Sanford P. |
| 9 (RLIN) | 43807 |
| 710 2# - ADDED ENTRY--CORPORATE NAME | |
| Corporate name or jurisdiction name as entry element | American Society of Civil Engineers. |
| 9 (RLIN) | 702 |
| 710 2# - ADDED ENTRY--CORPORATE NAME | |
| Corporate name or jurisdiction name as entry element | American Society of Civil Engineers. |
| 9 (RLIN) | 702 |
| 942 ## - ADDED ENTRY ELEMENTS (KOHA) | |
| Source of classification or shelving scheme | |
| Koha item type | Book |
| Withdrawn status | Lost status | Source of classification or shelving scheme | Damaged status | Not for loan | Permanent Location | Current Location | Date acquired | Total Checkouts | Full call number | Barcode | Date last seen | Price effective from | Koha item type |
|---|---|---|---|---|---|---|---|---|---|---|---|---|---|
| Military College of Engineering (MCE) | Military College of Engineering (MCE) | 07/25/2014 | 625.8 SOL | MCE-43487 | 07/25/2014 | 07/25/2014 | Book |
